00851nam a2200217 i 4500001000300000245016600003250002000169260005900189300002100248504002400269650002900293650003200322700003900354700003400393020001500427040000800442041000700450080003700457008004100494856009800535bg00aPowszechna historia państwa i prawa :bwybór tekstów źródłowych /cwyboru dokonali Marian Józef Ptak i Marek Kinstler ; [tł. z różnych jęz.]. aWyd. 2 poszerz. aWrocław :bWydaw. Uniwersytetu Wrocławskiego,c1996. a436 s. ;c24 cm. aBibliogr. s. 13-17. 9aPrawoxhistoriay6-20 w. 9aPrawo państwowexhistoria1 aPTAK, Marian Józef.eaut. wyboru1 aKINSTLER, Marek.eaut. wyboru a8322914733 cBPK1 apl a342+34](4+73)"05/19"(093)(075.8) s pl f |000 0 pol  uhttp://koha.tu.koszalin.pl/cgi-bin/koha/opac-detail.pl?biblionumber=33217yKatalog online BPK